000 01116nam a22003257a 4500
003 CHAP
005 20220817044338.0
008 100430s2008 fr r 00010 eng d
010 _a98305
011 _a99277
020 _a9789264047747
035 _a109963
040 _cCHAP
082 0 4 _a331.7
_bOc19
110 2 _aOrganización para la Cooperación y el Desarrollo Económicos. París
_983559
245 1 4 _aThe global competition for talent :
_bmobility of the highly skilled
_c/by Organisation for Economic Co-operation and Development
260 _aParis :
_bOECD,
_cc2008
300 _a165 p. :
_bTablas, gráfs.
590 _aBATCH-UPD
_b10
_c20130110
_lUCH01
_h1316
590 _aBATCH-UPD
_b10
_c20130410
_lUCH01
_h0827
590 _aBATCH-UPD
_b10
_c20130914
_lUCH01
_h1020
590 _aCONVERSION
_b10
_c20130109
_lUCH01
_h1354
650 1 4 _aCompetencia laboral.
_926095
650 1 4 _aPersonal
_xAdministración de.
_987325
650 1 4 _aTrabajo y trabajadores.
901 _aBK
911 _aen proceso
942 _cLIBRO
949 _a331.7 Oc19
_bBC
_cLIBRO
_d33724002124850
_eLIBRO
_h112425
_i109963
_si
999 _c98305
_d98305